Hindu Reform Movements/ (Record no. 190220)

MARC details
000 -LEADER
fixed length control field 00504nam a22001817a 4500
005 - DATE AND TIME OF LATEST TRANSACTION
control field 20220720162625.0
010 ## - LCCN (DPL NO)
LC control number ENG-133737
020 ## - INTERNATIONAL STANDARD BOOK NUMBER
International Standard Book Number 9789382633365
Terms of availability 675.00
035 ## - SYSTEM CONTROL NUMBER
System control number EN-117269
037 ## - SOURCE OF ACQUISITION
Source of stock number/acquisition DBAD/PUB
082 ## - DEWEY DECIMAL CLASSIFICATION NUMBER
Classification number 954.0841
100 ## - MAIN ENTRY--PERSONAL NAME
Personal name Khanna, D.N.
245 ## - TITLE STATEMENT
Title Hindu Reform Movements/
Statement of responsibility, etc D.N. Khanna
260 ## - PUBLICATION, DISTRIBUTION, ETC. (IMPRINT)
Place of publication, distribution, etc Allahabad
Name of publisher, distributor, etc Shabd Prakashan
Date of publication, distribution, etc 2016
270 ## - ADDRESS
Address 116/70, Lukerganj
City Allahabad
Postal code 211001
300 ## - PHYSICAL DESCRIPTION
Extent 136p.
Dimensions 22cm(hbk)
942 ## - ADDED ENTRY ELEMENTS (KOHA)
Source of classification or shelving scheme Dewey Decimal Classification
Item type English Books
Classification part 954.0841
Call number suffix KHA
Holdings
Withdrawn status Lost status Not for loan Collection code Home library Current library Date acquired Source of acquisition Cost, normal purchase price Full call number Barcode Copy number Cost, replacement price Koha item type
      Non-fiction Bawana Bawana 20/07/2022 DBAD/PUB 675.00 954.0841 KHA EN-117269 1 675.00 English Books

© Delhi Public Library
Hit Counter
free hit counter